[Event "Championnat de France 2022"]
[Site "ALBI"]
[Date "2022.08.17"]
[Round "5.1"]
[White "De Biasi, Maxime"]
[Black "Balteau, Tom"]
[Result "0-1"]
[WhiteElo "1199"]
[BlackElo "1199"]
[PlyCount "120"]
[EventDate "2022.??.??"]

1. e4 {13} Nf6 {17} 2. Nc3 {26} d5 {8} 3. exd5 {199} Nxd5 {10} 4. Nxd5 {9} Qxd5
{7} 5. Qf3 {75} c6 {19} 6. Qxd5 {81} cxd5 {8} 7. Nf3 {80} Bf5 {124} 8. Bb5+ {96
} Nc6 {23} 9. Nd4 {35} Bd7 {27} 10. Bxc6 {60} Bxc6 {31} 11. O-O {35} e6 {26}
12. d3 {77} Be7 {18} 13. Rb1 {66} O-O {271} 14. Bd2 {181} Bd7 {554} 15. Rfe1 {
68} Bf6 {138} 16. Nf3 {251} h6 {61} 17. Ne5 {144} Rfd8 {787} 18. Ng4 {148} Be7
{112} 19. Bxh6 {49} gxh6 {44} 20. Nxh6+ {13} Kg7 {84} 21. Nf5+ {69} Kf8 {11}
22. Nh6 {362} Ke8 {150} 23. Re3 {196} Bg5 {57} 24. Rh3 {34} Bxh6 {92} 25. Rxh6
{11} d4 {192} 26. Rh4 {79} Rac8 {65} 27. Rc1 {41} Bc6 {31} 28. f4 {222} Rd5 {
520} 29. Re1 {168} Rf5 {138} 30. Re5 {75} Ke7 {413} 31. c3 {254} dxc3 {247} 32.
bxc3 {37} Rd8 {86} 33. d4 {208} Bd5 {65} 34. Re2 {117} Rc8 {33} 35. Rc2 {251}
Rc4 {57} 36. Kf2 {89} Ra4 {26} 37. Ke3 {44} Rxa2 {280} 38. Rxa2 {31} Bxa2 {7}
39. g4 {24} Rb5 {55} 40. Kd3 {126} a5 {188} 41. Rh5 {83} Rxh5 42. gxh5 {56} b5
{259} 43. Kc2 {111} Bc4 {45} 44. Kd2 {53} Kf6 {19} 45. Ke3 {44} a4 {26} 46. Kd2
{21} Kg7 {11} 47. Kc2 {13} Kh6 {8} 48. Kb2 {9} Kxh5 {12} 49. Ka3 {8} Kg4 {22}
50. Kb4 {19} Kxf4 {18} 51. h4 {108} Kg4 {12} 52. Kc5 {22} a3 {23} 53. h5 {26}
a2 {82} 54. h6 {17} a1=Q {8} 55. h7 {18} Qh1 {10} 56. h8=Q {23} Qxh8 {9} 57. d5
{8} exd5 {27} 58. Kb4 {13} f5 {24} 59. Kc5 {15} Qxc3 {19} 60. Kd6 {17} d4 {30}
0-1

[Event "Championnat de France 2022"]
[Site "ALBI"]
[Date "2022.08.17"]
[Round "5.2"]
[White "Beny, Guillaume"]
[Black "Mantovani, Matthieu"]
[Result "1/2-1/2"]
[WhiteElo "1199"]
[BlackElo "1199"]
[PlyCount "99"]
[EventDate "2022.??.??"]

1. e4 {1} e5 {6} 2. Nf3 {68} Nc6 {9} 3. d4 {7} exd4 {11} 4. Nxd4 {8} d6 {1059}
5. Nc3 {84} Be6 {173} 6. Nxe6 {128} fxe6 {37} 7. Bc4 {93} Qd7 {290} 8. Qh5+ {
106} g6 {102} 9. Qg4 {55} Nf6 {138} 10. Qxe6+ {38} Qxe6 {16} 11. Bxe6 {9} Nd4 {
15} 12. Bb3 {34} Nxb3 {27} 13. axb3 {43} O-O-O {53} 14. Rxa7 {196} Bg7 {192}
15. Ra8+ {224} Kd7 {40} 16. Rxd8+ {9} Rxd8 {16} 17. O-O {23} Ng4 {68} 18. h3 {
150} Ne5 {35} 19. Nd5 {310} c6 {70} 20. Nb6+ {10} Ke6 {18} 21. Nc4 {46} Ra8 {
106} 22. Rd1 {301} Nxc4 {57} 23. bxc4 {8} Ra1 {131} 24. c3 {77} Bh6 {9} 25.
Bxh6 {292} Rxd1+ {161} 26. Kh2 {2} c5 {26} 27. Bg7 {244} Rd2 {54} 28. Kg3 {55}
Rxb2 {25} 29. Kf3 {69} Ra2 {172} 30. Ke3 {35} Ra4 {33} 31. Kd3 {10} Ra2 {12}
32. Ke3 {7} Ra4 {55} 33. Kd3 {6} Kf7 {24} 34. Bh6 {31} Ra2 {40} 35. Ke3 {16}
Ke6 {13} 36. Bf4 {69} Ra3 {95} 37. Kd3 {19} Ra2 {267} 38. Ke3 {77} Rc2 {14} 39.
Kd3 {67} Rxf2 {38} 40. g3 {5} Ra2 {180} 41. Ke3 {46} Ra8 {17} 42. Ke2 {271}
Ra2+ {44} 43. Ke3 {18} Ra8 {39} 44. Ke2 {8} h5 {47} 45. h4 {26} Ra4 {32} 46.
Kd3 {21} Ra1 {28} 47. Ke2 {56} Ra2+ {46} 48. Ke3 {20} Rg2 {17} 49. Kd3 {39} Rg1
{139} 50. Ke2 {123} 1/2-1/2

[Event "Championnat de France 2022"]
[Site "ALBI"]
[Date "2022.08.17"]
[Round "5.3"]
[White "Gandon, Cyril"]
[Black "Cusquel, Maxime"]
[Result "1-0"]
[WhiteElo "1199"]
[BlackElo "1199"]
[PlyCount "85"]
[EventDate "2022.??.??"]

1. d4 {4} d5 {5} 2. Nf3 {10} Nf6 {8} 3. g3 {13} Bf5 {25} 4. Bg2 {28} e6 {49} 5.
O-O {19} c5 {14} 6. c4 {35} Nc6 {66} 7. Nc3 {35} Be7 {179} 8. Nh4 {95} Bg6 {154
} 9. cxd5 {79} exd5 {42} 10. dxc5 {24} d4 {31} 11. Nxg6 {121} hxg6 {23} 12. Ne4
{497} Nxe4 {101} 13. Bxe4 {9} Bxc5 {28} 14. Qc2 {517} Qb6 {324} 15. a3 {464} a5
{322} 16. Bd2 {193} Rc8 {273} 17. b4 {195} axb4 {234} 18. axb4 {89} Bd6 {408}
19. Bxc6+ {347} bxc6 {296} 20. Qe4+ {107} Kf8 {109} 21. Ra5 {339} Kg8 {938} 22.
Rfa1 {168} Rh5 {302} 23. Ra8 {228} Bb8 {173} 24. Bf4 {289} Rb5 {128} 25. Rxb8 {
99} Rxb8 {20} 26. Bxb8 {8} Qxb8 {36} 27. Qxc6 {32} Qe5 {17} 28. Qc8+ {221} Kh7
{45} 29. Ra8 {43} g5 {39} 30. Qh3+ {173} Kg6 {11} 31. Ra6+ {205} f6 {27} 32. g4
{43} Kf7 {55} 33. Ra7+ {242} Ke6 {27} 34. Qb3+ {142} Qd5 {75} 35. Qa4 {268} Qc4
{194} 36. Qa6+ {58} Ke5 {27} 37. Re7+ {29} Kf4 {13} 38. f3 {195} Qc1+ {38} 39.
Kf2 {54} Re5 {24} 40. Rxe5 {57} fxe5 {11} 41. Qd3 {37} Qe3+ {136} 42. Qxe3+ {2}
dxe3+ {26} 43. Kg2 {36} 1-0

[Event "Championnat de France 2022"]
[Site "ALBI"]
[Date "2022.08.17"]
[Round "5.4"]
[White "Penarrubia, Maxime"]
[Black "Stathopulos, Alexandre"]
[Result "0-1"]
[WhiteElo "1046"]
[BlackElo "1199"]
[PlyCount "84"]
[EventDate "2022.??.??"]

1. d4 {3} d5 {73} 2. Bf4 {27} Nf6 {24} 3. e3 {8} e6 {15} 4. Nf3 {64} Bd6 {24}
5. Bxd6 {86} Qxd6 {9} 6. c3 {13} O-O {22} 7. Bd3 {9} c5 {33} 8. O-O {40} b6 {69
} 9. Nbd2 {107} Ba6 {53} 10. c4 {265} dxc4 {193} 11. Bxc4 {343} Bxc4 {83} 12.
Nxc4 {9} Qd5 {91} 13. b3 {301} Nbd7 {1151} 14. Re1 {401} b5 {369} 15. Nce5 {275
} c4 {31} 16. bxc4 {436} bxc4 {68} 17. Rc1 {317} Rfc8 {130} 18. Qc2 {248} Nb6 {
154} 19. Nd2 {466} Rc7 {354} 20. Qc3 {1504} Rac8 {275} 21. Rc2 {155} Ne4 {34}
22. Nxe4 {20} Qxe4 {10} 23. Rec1 {63} Nd5 {589} 24. f3 {124} Qxe3+ {268} 25.
Qxe3 {38} Nxe3 {11} 26. Rc3 {32} Nf5 {16} 27. Rxc4 {175} Rxc4 {11} 28. Rxc4 {6}
Rxc4 {5} 29. Nxc4 {6} Nxd4 {8} 30. Kf2 {32} Kf8 {48} 31. Ke3 {87} Nc6 {28} 32.
Ke4 {43} Ke7 {16} 33. Ne5 {68} Nxe5 {34} 34. Kxe5 {3} f6+ {8} 35. Ke4 {4} Kd6 {
13} 36. Kd4 {9} e5+ {12} 37. Ke4 {155} g6 {19} 38. g4 {282} a5 {365} 39. h3 {
233} Kc5 {44} 40. Kd3 {5} Kb4 {54} 41. Kc2 {9} Ka3 {16} 42. Kb1 {9} f5 {6} 0-1

[Event "Championnat de France 2022"]
[Site "ALBI"]
[Date "2022.08.17"]
[Round "5.5"]
[White "Lafon, Mathis"]
[Black "Bert, Lisa"]
[Result "1/2-1/2"]
[WhiteElo "1199"]
[BlackElo "1271"]
[PlyCount "106"]
[EventDate "2022.??.??"]

1. d4 {2} d5 {10} 2. Bf4 {6} c5 {69} 3. e3 {25} cxd4 {75} 4. exd4 {14} Nc6 {28}
5. Nf3 {28} Qb6 {204} 6. b3 {102} Bg4 {98} 7. c3 {93} Nf6 {48} 8. Nbd2 {129} e6
{104} 9. Bd3 {110} Be7 {189} 10. Qc2 {118} Bh5 {493} 11. O-O {204} O-O {240}
12. a4 {744} Bg6 {374} 13. Bxg6 {248} fxg6 {205} 14. Rfe1 {74} Ne4 {449} 15.
Bg3 {447} Nxg3 {295} 16. hxg3 {330} Rf6 {120} 17. b4 {595} Raf8 {442} 18. Qd3
a6 {687} 19. a5 Qb5 {316} 20. Qxb5 axb5 21. a6 b6 {256} 22. Re2 Ra8 {438} 23.
Ne5 {65} Nxe5 {69} 24. dxe5 {113} Rff8 {86} 25. Nf3 {51} Rfc8 {63} 26. Ra3 {193
} Ra7 {90} 27. Nd4 {78} h5 {150} 28. Nxb5 {159} Raa8 {15} 29. a7 {78} g5 {131}
30. Nd4 {258} Kf7 {37} 31. Re3 {140} g4 {47} 32. f3 {20} g5 {22} 33. fxg4 {18}
hxg4 {17} 34. Re2 {39} Rc4 {35} 35. Rf2+ {42} Ke8 {48} 36. Nxe6 {31} Kd7 {27}
37. Ng7 {143} d4 {25} 38. Rd2 {78} b5 {52} 39. Rxd4+ {35} Rxd4 {9} 40. cxd4 {11
} Bxb4 {12} 41. Rb3 {87} Bd2 {30} 42. Rxb5 {80} Rxa7 {28} 43. Nh5 {317} Be3+ {
110} 44. Kf1 {35} Ra2 {93} 45. e6+ {149} Ke7 {69} 46. d5 {32} Kd6 {87} 47. Nf6
{61} Rf2+ {55} 48. Ke1 {30} Rxf6 {25} 49. Ke2 {25} Bc5 {42} 50. Rxc5 {61} Kxc5
{10} 51. e7 {11} Kxd5 {34} 52. e8=Q {14} Re6+ {15} 53. Qxe6+ {30} Kxe6 {7}
1/2-1/2

[Event "Championnat de France 2022"]
[Site "ALBI"]
[Date "2022.08.18"]
[Round "6.1"]
[White "Stathopulos, Alexandre"]
[Black "Gandon, Cyril"]
[Result "0-1"]
[WhiteElo "1199"]
[BlackElo "1199"]
[PlyCount "87"]
[EventDate "2022.??.??"]

1. d4 {274} Nf6 {72} 2. c4 {10} e5 {16} 3. dxe5 {11} Ng4 {14} 4. e4 {21} Nxe5 {
44} 5. f4 {6} Ng6 {130} 6. Nf3 {20} Bb4+ {72} 7. Bd2 {27} Qe7 {157} 8. g3 {240}
Qxe4+ {105} 9. Qe2 {13} Qxe2+ {41} 10. Bxe2 {9} Nc6 {213} 11. Nc3 {48} Bxc3 {
223} 12. Bxc3 {11} O-O {30} 13. f5 {126} Nge7 {232} 14. Bd3 {460} d5 {155} 15.
f6 {1445} gxf6 {303} 16. Bxf6 {260} dxc4 {191} 17. Bxc4 {74} Be6 {108} 18. Rc1
{462} Nd5 {440} 19. Bxd5 {141} Bxd5 {3} 20. Rc5 {14} Rfe8+ {309} 21. Kf2 {18}
Re6 {195} 22. Rxd5 {239} Rxf6 {4} 23. Kg2 {614} Re8 {138} 24. Re1 {20} Rxe1 {
157} 25. Nxe1 {8} Re6 {52} 26. Kf2 {54} Nb4 {101} 27. Rd7 {153} Rc6 {50} 28. a3
{58} Na6 {103} 29. Rd2 {376} Nc5 {46} 30. Re2 {72} Re6 {117} 31. Rxe6 {104}
fxe6 {51} 32. Ke3 {10} Kf7 {37} 33. g4 {19} Kf6 {38} 34. Nd3 {67} Nxd3 {11} 35.
Kxd3 {6} Kg5 {31} 36. h3 {6} Kh4 {24} 37. Ke4 {8} Kxh3 {21} 38. Kf4 {114} e5+ {
27} 39. Kf5 {75} e4 {3} 40. Kf4 {13} e3 {13} 41. Kxe3 {25} Kxg4 {3} 42. Kf2 {17
} Kf4 {7} 43. a4 {20} Ke4 {7} 44. Kg3 {158} 0-1

[Event "Championnat de France 2022"]
[Site "ALBI"]
[Date "2022.08.18"]
[Round "6.2"]
[White "Balteau, Tom"]
[Black "Beny, Guillaume"]
[Result "1/2-1/2"]
[WhiteElo "1199"]
[BlackElo "1199"]
[PlyCount "85"]
[EventDate "2022.??.??"]

1. e4 {3} e6 {8} 2. d3 {23} d5 {19} 3. Nd2 {11} Nf6 {22} 4. Ngf3 {21} c5 {84}
5. g3 {18} Nc6 {256} 6. Bg2 {7} Be7 {321} 7. O-O {9} O-O {3} 8. e5 {16} Nd7 {5}
9. Re1 {12} Qc7 {295} 10. Qe2 {9} Re8 {12} 11. Nf1 {19} Bf8 {46} 12. Bf4 {33}
b5 {644} 13. h4 {24} Bb7 {125} 14. N1h2 {12} Ne7 {402} 15. g4 {401} Ng6 {467}
16. Bg3 {41} Be7 {6} 17. h5 {286} Ngf8 {4} 18. g5 {351} Qd8 {357} 19. Bf4 {165}
a5 {290} 20. Kh1 {584} Rb8 {369} 21. Ng4 {535} d4 {633} 22. Qd2 {56} b4 {102}
23. b3 {203} Nb6 {9} 24. Nfh2 {46} Bxg2+ {55} 25. Kxg2 {9} Nd5 {4} 26. Nf3 {13}
Rc8 {333} 27. Rh1 {450} Ra8 {246} 28. Qc1 {108} Ra7 {74} 29. Bd2 {70} a4 {302}
30. Qe1 {423} axb3 {18} 31. axb3 {8} Rxa1 {7} 32. Qxa1 {7} Qa8 {11} 33. Qb2 {6}
Qa3 {54} 34. Rb1 {726} Ra8 {95} 35. Qc1 {28} Qxc1 {51} 36. Rxc1 {9} Ra2 {17}
37. Ne1 {245} Nd7 {150} 38. f4 {22} Nb8 {76} 39. Nf2 {169} Nc6 {40} 40. Ne4 {22
} Na7 {32} 41. Kf3 {47} Nb5 {79} 42. Kg4 {566} Na3 {393} 43. Kf3 {49} 1/2-1/2

[Event "Championnat de France 2022"]
[Site "ALBI"]
[Date "2022.08.18"]
[Round "6.3"]
[White "Mantovani, Matthieu"]
[Black "Ndika, Anthony"]
[Result "1-0"]
[WhiteElo "1199"]
[BlackElo "1247"]
[PlyCount "133"]
[EventDate "2022.??.??"]

1. e4 {2} e6 {6} 2. d4 {58} d5 {6} 3. e5 {62} c5 {7} 4. c3 {7} Nc6 {21} 5. f4 {
289} Nh6 {156} 6. Nf3 {224} Nf5 {85} 7. Qd3 {103} Qb6 {197} 8. g4 {394} Nfe7 {
277} 9. Qb5 {134} Qxb5 {55} 10. Bxb5 {12} cxd4 {12} 11. cxd4 {165} Bd7 {78} 12.
Bd2 {167} a6 {192} 13. Bd3 {101} g6 {265} 14. O-O {152} Bg7 {40} 15. a3 {51}
O-O {19} 16. Nc3 {8} f5 {397} 17. g5 {402} Rac8 {361} 18. Na4 {111} Nxd4 {147}
19. Nxd4 {203} Bxa4 {11} 20. Nxe6 {35} Rfe8 {118} 21. Bb4 {55} Nc6 {193} 22.
Nxg7 {105} Kxg7 {13} 23. Bd6 {24} Kf7 {152} 24. Rac1 {53} Ke6 {166} 25. Kf2 {70
} Nd4 {306} 26. Ke3 {71} Nb3 {339} 27. Rxc8 {78} Rxc8 {24} 28. Rf2 {276} Nc1 {
439} 29. Kd2 {172} Nxd3 {280} 30. Kxd3 {44} Bb5+ {216} 31. Ke3 {134} Ba4 {11}
32. Rd2 {108} Rc2 {45} 33. Rxc2 {59} Bxc2 {7} 34. Kd4 {16} Ba4 {85} 35. Kc5 {17
} Bc6 {169} 36. Bc7 {262} Kd7 {192} 37. Ba5 {91} Ke6 {679} 38. Bc3 {16} Kd7 {63
} 39. Bd4 {11} Ke6 {24} 40. Kb6 {10} Kd7 {170} 41. Bc5 {67} Ke6 {89} 42. Kc7 {
46} Kf7 {134} 43. Kd6 {77} Ke8 {200} 44. Ke6 {11} d4 {582} 45. Bxd4 {109} Kf8 {
15} 46. Kf6 {19} Kg8 {14} 47. Bc5 {22} Bb5 {99} 48. h4 {116} Ba4 {86} 49. Be7 {
51} Bc6 {22} 50. Bc5 {12} Bb5 {27} 51. Bf2 {8} Ba4 {24} 52. h5 {10} Be8 {87}
53. hxg6 {51} hxg6 {19} 54. e6 {18} Kf8 {301} 55. Bc5+ {15} Kg8 {44} 56. Ke7 {
34} Bc6 {56} 57. Bd4 {64} Bb5 {169} 58. Bc5 {45} Bc6 {33} 59. Kd6 {24} Bb5 {107
} 60. Kc7 {61} Bc6 {18} 61. Bd6 {41} Bd5 {59} 62. Kd7 {108} Bc6+ {9} 63. Ke7 {
10} Bb5 {88} 64. Kf6 {18} Be8 {14} 65. Bc5 {21} Kh7 {251} 66. Ke7 {68} Bc6 {31}
67. Kf8 {9} 1-0

[Event "Championnat de France 2022"]
[Site "ALBI"]
[Date "2022.08.18"]
[Round "6.4"]
[White "Herblin, Anthony"]
[Black "Coquelle, Cyliane"]
[Result "1-0"]
[WhiteElo "1212"]
[BlackElo "1189"]
[PlyCount "107"]
[EventDate "2022.??.??"]

1. e4 {9} e5 {12} 2. Nf3 {37} Nc6 {37} 3. Nc3 {38} Nf6 {24} 4. Bb5 {34} Bc5 {73
} 5. d3 {63} h6 {70} 6. Bxc6 {48} dxc6 {8} 7. Nxe5 {22} Qd4 {32} 8. Be3 {67}
Qxe5 {39} 9. d4 {77} Bxd4 {116} 10. Bxd4 {253} Qe7 {69} 11. Qf3 {430} Bg4 {300}
12. Bxf6 {946} Qe6 {501} 13. Qf4 {195} gxf6 {20} 14. Qxc7 {411} Qd7 {54} 15.
Qxd7+ {157} Bxd7 {7} 16. O-O-O {4} O-O-O {118} 17. Rd6 {321} Be6 {162} 18. Rhd1
{105} Rxd6 {543} 19. Rxd6 {7} Kc7 {25} 20. Rd3 {89} f5 {287} 21. Re3 {316} f4 {
796} 22. Rf3 {166} Rg8 {12} 23. g3 {55} fxg3 {7} 24. Rxg3 {24} Rg5 {221} 25.
Rxg5 {367} hxg5 {10} 26. Ne2 {23} c5 {118} 27. Kd2 {54} Kd6 {87} 28. Ke3 {106}
Ke5 {45} 29. f4+ {138} gxf4+ {27} 30. Nxf4 {4} Bxa2 {188} 31. Nd3+ {23} Kf6 {42
} 32. Nxc5 {96} b6 {77} 33. Nb3 {90} Kg5 {25} 34. Kd4 {126} Bb1 {91} 35. c3 {
111} Kf4 {89} 36. Nd2 {48} Bc2 {12} 37. Kd5 {578} Ke3 {101} 38. Nc4+ {147} Kf4
{50} 39. Nd6 {33} Kg4 {107} 40. Nc8 {95} Kh3 {184} 41. Nxa7 {12} Kxh2 {9} 42.
Nc8 {120} b5 {23} 43. Nd6 {36} Kg3 {103} 44. Nxb5 {60} Kf4 {12} 45. e5 {111}
Ke3 {54} 46. Nd4 {286} Be4+ {36} 47. Kd6 {30} Bd3 {175} 48. Ke7 {90} Bc4 {11}
49. Nf5+ {29} Kf4 {57} 50. Kf6 {70} Bd5 {72} 51. b4 {73} Bc4 {35} 52. Nd6 {28}
Bd3 {81} 53. Nxf7 {21} Bc4 {183} 54. Nd6 {72} 1-0

[Event "Championnat de France 2022"]
[Site "ALBI"]
[Date "2022.08.18"]
[Round "6.5"]
[White "Salomez, Maxime"]
[Black "Adami, Pierre-Louis"]
[Result "0-1"]
[WhiteElo "1199"]
[BlackElo "1199"]
[PlyCount "134"]
[EventDate "2022.??.??"]

1. d4 {7} Nf6 {53} 2. c4 {9} g6 {56} 3. Nf3 {78} Bg7 {32} 4. Nc3 {157} d6 {20}
5. e4 {35} O-O {101} 6. Be2 {109} Nbd7 {46} 7. O-O {38} e5 {120} 8. d5 {66} a5
{12} 9. Bd2 {340} Nc5 {74} 10. Qc2 {105} c6 {637} 11. b3 {102} Bg4 {142} 12. a3
{152} Na6 {192} 13. dxc6 {217} bxc6 {147} 14. Bg5 {610} Qc7 {436} 15. Rfd1 {84}
Rab8 {628} 16. Rab1 {104} Be6 {368} 17. Rb2 {1022} Ne8 {206} 18. Qd2 {457} f5 {
251} 19. Bh6 {18} f4 {45} 20. Bxg7 {12} Kxg7 {120} 21. Ng5 {42} Bg8 {91} 22.
Bg4 {195} Qe7 {108} 23. Nf3 {129} Rd8 {178} 24. h4 {36} Nf6 {34} 25. Bh3 Be6 {
148} 26. Bxe6 Qxe6 27. Ne2 Nxe4 28. Qxa5 Nac5 {609} 29. Qe1 {327} h6 30. Kf1 {
433} Nf6 31. b4 {188} Nb7 {87} 32. Rc2 {35} Qg4 {86} 33. Neg1 {339} e4 {288}
34. Nd4 {26} c5 {94} 35. f3 {29} exf3 {73} 36. Ndxf3 {23} Nh5 {176} 37. Nh2 {79
} Ng3+ {126} 38. Kf2 {21} Qxh4 {161} 39. Ngf3 {68} Qf6 {196} 40. Rd5 {180} Rfe8
{167} 41. Qd1 {110} h5 {36} 42. Kg1 {362} Re6 {334} 43. Ng5 {73} Re3 {51} 44.
Ra2 {259} Rde8 {64} 45. Nhf3 {29} Ne2+ {75} 46. Kh2 {135} Nc3 {31} 47. Qa1 {333
} Nxd5 {41} 48. cxd5 {15} Qxa1 {55} 49. Rxa1 {18} cxb4 {83} 50. Ne6+ {117}
R8xe6 {198} 51. dxe6 {14} Rxa3 {61} 52. Rc1 {168} Nc5 {57} 53. Nd4 {92} Kf6 {48
} 54. Rc4 {103} b3 {60} 55. Rb4 {16} Ra4 {176} 56. Rxa4 {17} Nxa4 {9} 57. Nxb3
{12} Kxe6 {18} 58. Kg1 {22} Ke5 {31} 59. Kf2 {20} g5 {31} 60. Nd2 {32} Kf5 {108
} 61. Kf3 {58} g4+ {21} 62. Kf2 {12} Nc3 {13} 63. Nf1 {61} Ke4 {29} 64. Nd2+ {
29} Kd3 {41} 65. Nf1 {26} d5 {30} 66. g3 {25} Ne4+ {40} 67. Kg2 {19} Nxg3 {26}
0-1

[Event "Championnat de France 2022"]
[Site "ALBI"]
[Date "2022.08.19"]
[Round "7.1"]
[White "Gandon, Cyril"]
[Black "Balteau, Tom"]
[Result "1-0"]
[WhiteElo "1199"]
[BlackElo "1199"]
[PlyCount "52"]
[EventDate "2022.??.??"]

1. d4 {3} c6 {8} 2. Nf3 {15} Nf6 {14} 3. g3 {21} d5 {21} 4. Bg2 {13} Bf5 {161}
5. O-O {29} Qc8 {312} 6. c4 {29} Bh3 {42} 7. Bxh3 {207} Qxh3 {9} 8. cxd5 {40}
Nxd5 {172} 9. e4 {146} Nb6 {183} 10. d5 {117} cxd5 {577} 11. exd5 {95} N8d7 {
176} 12. Re1 {322} Qf5 {179} 13. Nc3 {188} h6 {713} 14. Nb5 {109} Kd8 {431} 15.
Bf4 {415} Rc8 {849} 16. Rc1 {308} Rc5 {326} 17. Rxc5 {75} Nxc5 {9} 18. Qc1 {427
} e6 {432} 19. b4 {401} Na6 {238} 20. Bc7+ {61} Nxc7 {263} 21. Qxc7+ {15} Ke8 {
9} 22. dxe6 {495} fxe6 {53} 23. Nfd4 {166} Qf7 {217} 24. Rxe6+ {34} Be7 {27}
25. Nd6+ {25} Kf8 {27} 26. Nxf7 {93} Ke8 {44} 1-0

[Event "Championnat de France 2022"]
[Site "ALBI"]
[Date "2022.08.19"]
[Round "7.2"]
[White "Mantovani, Matthieu"]
[Black "Herbin, Anthony"]
[Result "0-1"]
[WhiteElo "1199"]
[BlackElo "1212"]
[PlyCount "74"]
[EventDate "2022.??.??"]

1. e4 {7} e5 {28} 2. Nf3 {38} Nf6 {34} 3. Nxe5 {35} d6 {79} 4. Nf3 {11} Nxe4 {
31} 5. Nc3 {155} Nf6 {275} 6. d4 {266} Be7 {137} 7. Bc4 {421} d5 {171} 8. Bb3 {
126} O-O {86} 9. O-O {289} Bg4 {186} 10. Qd3 {518} c6 {740} 11. Ne5 {407} Re8 {
724} 12. Nxg4 {617} Nxg4 {3} 13. Bf4 {38} Bd6 {189} 14. Qg3 {149} Bxf4 {91} 15.
Qxf4 {109} Nf6 {105} 16. Rfe1 {176} Na6 {375} 17. a3 {187} Qd7 {420} 18. Re3 {
265} Rxe3 {79} 19. fxe3 {134} Re8 {39} 20. Rf1 {213} Ne4 {186} 21. Nxe4 {599}
Rxe4 {17} 22. Qf3 {86} Qe7 {81} 23. Kf2 {80} Nc7 {149} 24. c4 {30} Qh4+ {421}
25. Ke2 {43} Qe7 {14} 26. Bc2 {128} Re6 {283} 27. b3 {235} h6 {207} 28. Kd2 {35
} Rf6 {90} 29. Qe2 {44} Rxf1 {10} 30. Qxf1 {16} Qxa3 {46} 31. Qf5 {32} Qb4+ {
136} 32. Kd1 {20} Kf8 {173} 33. cxd5 {157} Nxd5 {188} 34. Qd7 {225} g6 {337}
35. Qh3 {199} Kg7 {107} 36. Qg3 {164} Nc3+ {28} 37. Kc1 {35} Ne2+ {9} 0-1

[Event "Championnat de France 2022"]
[Site "ALBI"]
[Date "2022.08.19"]
[Round "7.3"]
[White "Adami, Pierre-Louis"]
[Black "Thoraux-Josso, Ambre"]
[Result "0-1"]
[WhiteElo "1199"]
[BlackElo "1111"]
[PlyCount "72"]
[EventDate "2022.??.??"]

1. e4 {17} c5 {14} 2. Nf3 {20} Nc6 {15} 3. Nc3 {41} Nf6 {24} 4. d4 {45} cxd4 {
27} 5. Nxd4 {28} Qb6 {50} 6. Nxc6 {62} bxc6 {34} 7. h3 {54} e6 {83} 8. Bd3 {66}
d5 {139} 9. e5 {223} Nd7 {78} 10. Qe2 {111} Bc5 {70} 11. O-O {282} O-O {106}
12. Na4 {176} Qb4 {267} 13. Nxc5 {69} Nxc5 {50} 14. c3 {118} Qb8 {261} 15. Bc2
{58} Ba6 {198} 16. Qh5 {348} g6 {173} 17. Qg5 {155} Bxf1 {166} 18. Kxf1 {201}
Nd7 {135} 19. f4 {69} Qb5+ {94} 20. Kg1 {39} Qe2 {224} 21. Bb3 {146} f6 {288}
22. exf6 {212} Nxf6 {138} 23. Qe5 {215} Qxe5 {214} 24. fxe5 {14} Nd7 {52} 25.
Be3 {45} Nxe5 {50} 26. Re1 {54} Nd3 {65} 27. Re2 {33} e5 {126} 28. Bh6 {118}
Rf5 {74} 29. Rd2 {39} e4 {82} 30. Re2 {123} Re8 {301} 31. c4 {130} Nc5 {190}
32. Bc2 {239} d4 {77} 33. Bb1 {35} d3 {33} 34. Re3 {35} d2 {49} 35. Bc2 {29}
Rd8 {118} 36. Bd1 {29} Nd3 {315} 0-1

[Event "Championnat de France 2022"]
[Site "ALBI"]
[Date "2022.08.19"]
[Round "7.4"]
[White "Beny, Guillaume"]
[Black "Stathopulos, Alexandre"]
[Result "0-1"]
[WhiteElo "1199"]
[BlackElo "1199"]
[PlyCount "48"]
[EventDate "2022.??.??"]

1. e4 {2} c6 {266} 2. Nf3 {13} d5 {12} 3. Nc3 {5} dxe4 {17} 4. Nxe4 {9} Nf6 {7}
5. Qe2 {7} Nxe4 {28} 6. Qxe4 {10} Nd7 {7} 7. Bc4 {29} Nf6 {14} 8. Ne5 {7} e6 {
145} 9. Qe2 {10} Bd6 {84} 10. d4 {281} O-O {41} 11. O-O {12} Qc7 {7} 12. Nf3 {
314} b5 {71} 13. Bd3 {23} Bb7 {229} 14. Bg5 {276} Nd5 {126} 15. Qe4 {313} g6 {
331} 16. Bh6 {215} Rfe8 {82} 17. c3 {735} Bf4 {1640} 18. Bxf4 {330} Nxf4 {46}
19. Bc2 {413} c5 {246} 20. Qe3 {37} cxd4 {35} 21. cxd4 {791} Nxg2 {238} 22. Qh6
{816} Bxf3 {106} 23. Rac1 {115} Qf4 {181} 24. Qh3 {146} Ne3 {530} 0-1

[Event "Championnat de France 2022"]
[Site "ALBI"]
[Date "2022.08.19"]
[Round "7.5"]
[White "Gasnier, Jean"]
[Black "Cusquel, Maxime"]
[Result "0-1"]
[WhiteElo "1183"]
[BlackElo "1199"]
[PlyCount "58"]
[EventDate "2022.??.??"]

1. e4 {4} c5 {10} 2. Nf3 {6} d6 {5} 3. d4 {6} cxd4 {6} 4. Nxd4 {2} Nf6 {13} 5.
Nc3 {13} g6 {6} 6. Be3 {52} Bg7 {8} 7. f3 {9} Nc6 {6} 8. Qd2 {7} O-O {7} 9. Bc4
{2} Bd7 {8} 10. O-O-O {98} Rc8 {6} 11. Bb3 {7} Ne5 {6} 12. Kb1 {116} Re8 {15}
13. g4 {427} Nc4 {386} 14. Bxc4 {9} Rxc4 {6} 15. h4 {180} Qa5 {521} 16. h5 {716
} Qa6 {558} 17. hxg6 {1630} fxg6 {228} 18. Bh6 {142} Nxe4 {207} 19. Nxe4 {15}
Rxd4 {15} 20. Qg5 {172} Rxd1+ {220} 21. Rxd1 {2} Be6 {57} 22. b3 {70} Bh8 {707}
23. Qd2 {446} Qa3 {512} 24. c3 {196} Rc8 {467} 25. Rc1 {284} Qa5 {477} 26. Ng5
{127} Bd7 {90} 27. Qf4 {75} Bf6 {81} 28. Nxh7 {276} Kxh7 {55} 29. g5 {11} Bf5+
{18} 0-1